The master plan of evangelism / (Record no. 2890)

MARC details
000 -LEADER
fixed length control field 00848cam a2200265 a 4500
001 - CONTROL NUMBER
control field 1460999
003 - CONTROL NUMBER IDENTIFIER
control field GBCCL
005 - DATE AND TIME OF LATEST TRANSACTION
control field 20241126110442.0
008 - FIXED-LENGTH DATA ELEMENTS--GENERAL INFORMATION
fixed length control field 860508s1986 nju b 000 0 eng
010 ## -
-- 86013064
020 ## - INTERNATIONAL STANDARD BOOK NUMBER
International Standard Book Number 0800701933
040 ## - CATALOGING SOURCE
Original cataloging agency DLC
Transcribing agency DLC
Modifying agency DLC
050 00 -
-- BT590.E8
-- C6 1986
082 00 - DEWEY DECIMAL CLASSIFICATION NUMBER
Classification number 269.2
Edition information 19
Item number COL
100 1# - MAIN ENTRY--PERSONAL NAME
Personal name Coleman, Robert E.,
Dates associated with a name 1928-
9 (RLIN) 5423
245 14 - TITLE STATEMENT
Title The master plan of evangelism /
Statement of responsibility, etc. Robert E. Coleman ; with study guide by Roy J. Fish.
260 ## - PUBLICATION, DISTRIBUTION, ETC.
Place of publication, distribution, etc. Old Tappan, N.J. :
Name of publisher, distributor, etc. F.H. Revell,
Date of publication, distribution, etc. 1987 printing, c1964.
300 ## - PHYSICAL DESCRIPTION
Extent 126, 64 p. ;
Dimensions 21 cm.
500 ## - GENERAL NOTE
General note "Power books."
504 ## - BIBLIOGRAPHY, ETC. NOTE
Bibliography, etc. note Bibliography: p. 61-64 (second group).
600 00 - SUBJECT ADDED ENTRY--PERSONAL NAME
Personal name Jesus Christ
General subdivision Evangelistic methods.
9 (RLIN) 5424
700 1# - ADDED ENTRY--PERSONAL NAME
Personal name Fish, Roy J.
9 (RLIN) 5847
906 ## - LOCAL DATA ELEMENT F, LDF (RLIN)
a 7
b cbc
c orignew
d 1
e ocip
f 19
g y-gencatlg
942 ## - ADDED ENTRY ELEMENTS (KOHA)
Source of classification or shelving scheme Dewey Decimal Classification
Koha item type Books
Koha issues (borrowed), all copies 22
Holdings
Withdrawn status Lost status Source of classification or shelving scheme Damaged status Not for loan Home library Current Library Shelving location Date acquired Total checkouts Total renewals Full call number Barcode Date last seen Date last checked out Copy number Price effective from Koha item type
    Dewey Decimal Classification     GRACE BIBLE COLLEGE GRACE BIBLE COLLEGE Ministry & Mission 2017-10-05 21 2 269.2 COL 001699 2025-08-18 2025-08-05 c.1 2017-10-05 Books
    Dewey Decimal Classification     GRACE BIBLE COLLEGE GRACE BIBLE COLLEGE Ministry & Mission 2023-11-21 16 3 269.2 COL 020650 2026-02-05 2026-02-04 c.2 2023-11-21 Books
© Grace Bible College Library 2025